Fundamentals of Materials Science and Engineering: An Integrated Approach (Record no. 60229)
[ view plain ]
| 000 -LEADER | |
|---|---|
| fixed length control field | 00682nam a22001817a 4500 |
| 003 - CONTROL NUMBER IDENTIFIER | |
| control field | NUST-PNEC |
| 005 - DATE AND TIME OF LATEST TRANSACTION | |
| control field | 20170114142547.0 |
| 008 - FIXED-LENGTH DATA ELEMENTS--GENERAL INFORMATION | |
| fixed length control field | 140718b xxu||||| |||| 00| 0 eng d |
| 020 ## - INTERNATIONAL STANDARD BOOK NUMBER | |
| International Standard Book Number | 0470125373 |
| 040 ## - CATALOGING SOURCE | |
| Transcribing agency | PNEC |
| 082 ## - DEWEY DECIMAL CLASSIFICATION NUMBER | |
| Classification number | 620.11 CAL |
| 100 ## - MAIN ENTRY--PERSONAL NAME | |
| 9 (RLIN) | 184 |
| Personal name | Callister William D. |
| 245 ## - TITLE STATEMENT | |
| Title | Fundamentals of Materials Science and Engineering: An Integrated Approach |
| Statement of responsibility, etc. | William D. Callister |
| 300 ## - PHYSICAL DESCRIPTION | |
| Extent | 912 p |
| Other physical details | ill. : |
| 500 ## - GENERAL NOTE | |
| General note | Includes index. http://www.amazon.com/Fundamentals-Materials-Science-Engineering-Integrated/dp/0470125373/ref=sr_1_2?s=books&ie=UTF8&qid=1405652628&sr=1-2&keywords=fundamentals+of+materials+science+by+william |
| 650 ## - SUBJECT ADDED ENTRY--TOPICAL TERM | |
| General subdivision | ME |
| 942 ## - ADDED ENTRY ELEMENTS (KOHA) | |
| Source of classification or shelving scheme | |
| Koha item type | Book |
| Withdrawn status | Lost status | Source of classification or shelving scheme | Damaged status | Not for loan | Permanent Location | Current Location | Date acquired | Source of acquisition | Cost, normal purchase price | Total Checkouts | Full call number | Barcode | Date last seen | Cost, replacement price | Price effective from | Koha item type |
|---|---|---|---|---|---|---|---|---|---|---|---|---|---|---|---|---|
| Pakistan Navy Engineering College (PNEC) | Pakistan Navy Engineering College (PNEC) | 02/15/2010 | ZS Dictionary Shop | 900.00 | 620.11 CAL | PNECBB-005568 | 02/18/2016 | 900.00 | 02/15/2010 | Book |
